000 00221 a2200097 4500
001 23072
100 _aCarroll, J M
245 _aDesign Manual for Transistor Circuits
260 _a
_bMcGraw
_c1961
090 _c15614
_d15614
942 _aNUST-CAE
_cM
_c6241
999 _c258145
_d258145